[Event "Montreal International"]
[Site "Montreal"]
[Date "1979.04.11"]
[Round "1"]
[White "Huebner, Robert"]
[Black "Karpov, Anatoly"]
[Result "1/2-1/2"]
[WhiteElo "2595"]
[BlackElo "2705"]
[Annotator "ChessBase"]
[PlyCount "33"]
[EventDate "1979.04.11"]
[EventType "tourn"]
[EventRounds "18"]
[EventCountry "CAN"]
[EventCategory "15"]
[SourceTitle "MCL"]
[Source "ChessBase"]
[SourceDate "1999.07.01"]
[SourceVersion "1"]
[SourceVersionDate "1999.07.01"]
[SourceQuality "1"]

1. d4 Nf6 2. c4 e6 3. g3 d5 4. Bg2 Be7 5. Nf3 O-O 6. O-O dxc4 7. Qc2 a6 8. a4 (
8. Qxc4 b5 9. Qc2 Bb7) 8... Bd7 9. Qxc4 Bc6 10. Bg5 a5 (10... Bd5) (10... Nbd7)
11. Nc3 Na6 12. Rac1 (12. Rfe1 $6 Nb4 13. e4 $2 Nc2) (12. Rae1 $6 Bd5 13. Nxd5
exd5 14. Qb5 Nb4 15. Qxb7 Rb8 16. Qa7 Nc6 $15) 12... Bd5 $1 $10 13. Nxd5 (13.
Qd3 $5 Nb4 14. Qb1) 13... exd5 14. Qb5 Nb4 15. Qxb7 Bd6 {/\Qe7,Rfb8} 16. Ne5 (
16. Bxf6 $5 Qxf6 17. Qb5 c6 18. Qb7 (18. Rxc6 $6 Nxc6 19. Qxc6 Rad8) 18... Qe6
{/\Qe2,Rfb8} 19. Ng5 $1 Qxe2 $2 (19... Qf5 20. h4 {/\Bh3}) 20. Nxf7 $1) 16...
Rb8 (16... Qe7 $2 17. Bxf6 gxf6 18. Nc6 $16) 17. Qa7 1/2-1/2

[Event "Amsterdam Euwe Memorial"]
[Site "Amsterdam"]
[Date "1989.??.??"]
[Round "5"]
[White "Timman, Jan H"]
[Black "Hjartarson, Johann"]
[Result "1/2-1/2"]
[WhiteElo "2610"]
[BlackElo "2615"]
[Annotator "ChessBase"]
[PlyCount "59"]
[EventDate "1989.03.??"]
[EventType "tourn"]
[EventRounds "6"]
[EventCountry "NED"]
[EventCategory "16"]
[SourceTitle "CBM 012"]
[Source "ChessBase"]
[SourceDate "1989.10.01"]
[SourceVersion "1"]
[SourceVersionDate "1989.10.01"]
[SourceQuality "1"]

1. d4 Nf6 2. c4 e6 3. Nf3 d5 4. g3 Be7 5. Bg2 O-O 6. O-O dxc4 7. Qc2 a6 8. Qxc4
b5 9. Qc2 Bb7 10. Bd2 Nc6 11. e3 Qb8 {Short} 12. a3 Rc8 13. Re1 {N} (13. Nc3
Nd8 14. b4 a5 15. Rab1 axb4 16. axb4 Nc6 $10 {Karpov,An-Short,N/Tilburg/1988/1/
2-1/2/61/ -> CBM9/S.77}) 13... a5 14. Nc3 Nd8 15. e4 b4 16. Na4 Nd7 17. Bf4 Bd6
18. Be3 Bc6 $1 19. d5 b3 20. Qc4 Qb5 $1 $10 21. Qxb5 Bxb5 22. Nc3 Bd3 23. Nd4
Nc5 24. Rad1 Rab8 25. dxe6 fxe6 26. Bh3 Bc2 27. Rd2 Bxe4 28. Ndb5 Bc2 29. Bf1
Nf7 30. Nd4 1/2-1/2

[Event "Chicago op"]
[Site "Chicago"]
[Date "1996.??.??"]
[Round "?"]
[White "Kaidanov, Gregory S"]
[Black "Hove, James B"]
[Result "1-0"]
[WhiteElo "2660"]
[BlackElo "2325"]
[Annotator "ChessBase"]
[PlyCount "47"]
[EventDate "1996.??.??"]
[EventType "swiss"]
[EventRounds "9"]
[EventCountry "USA"]
[SourceTitle "EXT 1999"]
[Source "ChessBase"]
[SourceDate "1998.11.16"]
[SourceVersion "1"]
[SourceVersionDate "1998.11.16"]
[SourceQuality "1"]

1. d4 d5 2. c4 e6 3. Nf3 Nf6 4. g3 Be7 5. Bg2 O-O 6. O-O dxc4 7. Qc2 a6 8. Qxc4
b5 9. Qc2 Bb7 10. Bd2 Nc6 11. e3 Nb4 12. Bxb4 Bxb4 13. a3 Be7 14. Nbd2 b4 15.
Rfc1 Rc8 16. axb4 Bxb4 17. Nb3 Be4 18. Qe2 Bd5 19. Nc5 a5 20. Ne5 Bxg2 21. Kxg2
Rb8 22. Nc6 Qd5+ 23. Qf3 Rb5 $2 (23... Qxf3+ 24. Kxf3) 24. Ne7+ 1-0

[Event "YUG-ch34"]
[Site "Bjelovar"]
[Date "1979.02.10"]
[Round "1"]
[White "Vukic, Milan"]
[Black "Cebalo, Miso"]
[Result "1-0"]
[WhiteElo "2485"]
[BlackElo "2450"]
[Annotator "ChessBase"]
[PlyCount "59"]
[EventDate "1979.02.10"]
[EventType "swiss"]
[EventRounds "13"]
[EventCountry "YUG"]
[SourceTitle "EXT 2000"]
[Source "ChessBase"]
[SourceDate "1999.11.16"]
[SourceVersion "1"]
[SourceVersionDate "1999.11.16"]
[SourceQuality "1"]

1. d4 Nf6 2. c4 e6 3. Nf3 d5 4. g3 Be7 5. Bg2 O-O 6. O-O dxc4 7. Qc2 a6 8. a4
Bd7 9. Qxc4 Bc6 10. Bf4 Nd5 11. Nc3 Nxf4 (11... Nxc3) 12. gxf4 Nd7 13. Qd3 (13.
e4 $5 Nf6 14. Qd3 Nh5 $13) (13. Rfd1 $5 Nf6 14. Rac1 $14) 13... Nf6 14. Rfd1
Qd6 15. e3 Rfd8 16. Qc2 Rac8 17. h3 Qb4 18. Rdc1 $1 (18. a5 $5 Ne8 $1 19. Ne4
$14) 18... Qa5 19. Ne5 Bxg2 20. Kxg2 c5 21. Ne4 $1 $16 Nxe4 (21... cxd4 $2 22.
Qxc8 Rxc8 23. Rxc8+ Bf8 24. Nxf6+ gxf6 25. Kh2 {/\ Rg1+-}) (21... c4 $5) 22.
Qxe4 Qb6 (22... cxd4 $2 23. Qxb7 $18) 23. dxc5 Rxc5 24. Rxc5 Bxc5 25. Rc1 Be7
$2 (25... Bf8 $5 26. a5 $1) 26. a5 $1 Qxa5 27. Qxb7 Qd5+ 28. Qxd5 Rxd5 29. Rc8+
Rd8 $4 (29... Bf8 30. Ra8 f6 31. Nc6 Rb5 32. Rxa6 Rxb2 33. Nd8 $16) 30. Nc6 1-0

[Event "OHRA-A"]
[Site "Amsterdam"]
[Date "1989.??.??"]
[Round "?"]
[White "Gulko, Boris F"]
[Black "Beliavsky, Alexander G"]
[Result "1/2-1/2"]
[WhiteElo "2610"]
[BlackElo "2620"]
[Annotator "ChessBase"]
[PlyCount "75"]
[EventDate "1989.07.??"]
[EventType "tourn"]
[EventRounds "10"]
[EventCountry "NED"]
[EventCategory "14"]
[SourceTitle "CBM 014"]
[Source "ChessBase"]
[SourceDate "1990.02.01"]
[SourceVersion "1"]
[SourceVersionDate "1990.02.01"]
[SourceQuality "1"]

1. d4 Nf6 2. c4 e6 3. g3 d5 4. Bg2 Be7 5. Nf3 O-O 6. O-O dxc4 7. Qc2 a6 8. a4
Bd7 9. Qxc4 Bc6 10. Bg5 Bd5 11. Qd3 c5 12. dxc5 Nbd7 13. Nc3 Nxc5 14. Qe3 Qa5
$1 $10 {N} (14... Ng4 $2 15. Bxe7 Nxe3 16. Bxd8 Nxf1 17. Be7 $18 {Smyslov}) (
14... Rc8 15. Rfd1 Re8 16. Ne5 Qb6 17. Bh3 $1 {Smyslov,V-Nogueiras,J/Graz/1984/
1-0/}) 15. Rad1 Bc6 16. Rd4 Nb3 17. Rc4 Rad8 18. Bxf6 Bxf6 19. Ne4 Bxe4 20.
Rxe4 Nd2 21. Nxd2 Qxd2 22. Qxd2 Rxd2 23. b3 b5 24. Rb1 Rc8 25. Bf3 g6 26. axb5
axb5 27. Rb4 Rc5 28. g4 Bd4 29. h4 h6 30. Kf1 g5 31. hxg5 hxg5 32. Bb7 Bc3 33.
Re4 Rd7 34. b4 Bxb4 35. Ba6 Bc3 36. Bxb5 Rb7 37. Bd3 Rxb1+ 38. Bxb1 1/2-1/2

[Event "Paris FIDE GP"]
[Site "Elancourt"]
[Date "2013.09.30"]
[Round "8"]
[White "Wang, Hao"]
[Black "Dominguez Perez, Leinier"]
[Result "1/2-1/2"]
[WhiteElo "2747"]
[BlackElo "2757"]
[Annotator "ChessBase Website"]
[PlyCount "74"]
[EventDate "2013.09.22"]
[EventType "tourn"]
[EventRounds "11"]
[EventCountry "FRA"]
[EventCategory "20"]
[SourceTitle "CBM 157"]
[Source "ChessBase"]
[SourceDate "2013.11.12"]
[SourceVersion "1"]
[SourceVersionDate "2013.11.12"]
[SourceQuality "1"]
[TimeControl "40/7200:20/3600:900+30"]
[WhiteClock "2:00:00"]
[BlackClock "2:00:00"]

1. c4 {[%emt 0:00:03]} e6 {[%emt 0:00:30]} 2. Nf3 {[%emt 0:00:21]} Nf6 {
[%emt 0:00:39]} 3. g3 {[%emt 0:00:32]} d5 {[%emt 0:00:25]} 4. Bg2 {[%emt 0:00:
07]} Be7 {[%emt 0:00:22]} 5. O-O {[%emt 0:00:22]} O-O {[%emt 0:00:15]} 6. d4 {
[%emt 0:04:51]} dxc4 {[%emt 0:00:16]} 7. Qc2 {[%emt 0:03:32]} a6 {[%emt 0:00:
53]} 8. a4 {[%emt 0:00:30]} Bd7 {[%emt 0:01:45]} 9. Qxc4 {[%emt 0:00:25]} Bc6 {
[%emt 0:00:07]} 10. Bf4 {[%emt 0:00:04]} Bd6 {[%emt 0:00:08]} 11. Bg5 {[%emt 0:
04:20]} Nbd7 {[%emt 0:01:55]} 12. Nc3 {[%emt 0:00:09]} h6 {[%emt 0:01:35]} 13.
Bxf6 {[%emt 0:01:02]} Nxf6 {[%emt 0:00:09]} 14. Rfd1 {[%emt 0:04:37]} Bd5 {
[%emt 0:10:42]} 15. Qd3 {[%emt 0:01:22]} Bxf3 {[%emt 0:00:27]} 16. Qxf3 $146 {
[%emt 0:09:38]} (16. Bxf3 c6 17. e4 Bb4 18. Na2 Be7 19. Qb3 Rb8 20. Rac1 Qa5
21. d5 exd5 22. exd5 cxd5 23. Nc3 b5 24. axb5 axb5 25. Nxd5 Nxd5 26. Bxd5 Bf6
27. Bxf7+ Rxf7 28. Rd7 Rbf8 29. Qe6 b4 30. Rcc7 Qe5 31. Qc4 Qe1+ 32. Kg2 Be7
33. Rxe7 {1/2-1/2 (33) Ribli,Z (2554)-Kovacs,G (2461) Hungary 2013}) 16... c6 {
[%emt 0:00:22]} 17. e4 {[%emt 0:00:14]} Bb4 {[%emt 0:02:56]} 18. Na2 {[%emt 0:
13:16]} Be7 {[%emt 0:25:59]} 19. Qb3 {[%emt 0:25:00]} Qb8 {[%emt 0:03:11]} 20.
a5 {[%emt 0:02:13]} Qa7 {[%emt 0:05:02]} 21. Nc3 {[%emt 0:03:48]} Rad8 {
[%emt 0:07:42][%csl Rd4]} 22. e5 {[%emt 0:04:29]} Ne8 {[%emt 0:10:59]} 23. Ne2
{[%emt 0:06:07]} Nc7 {[%emt 0:02:45]} 24. h4 {[%emt 0:00:28]} Nb5 {[%emt 0:01:
18]} 25. Qc4 {[%emt 0:00:39]} Rd7 {[%emt 0:07:45]} 26. Rd3 {[%emt 0:00:21]}
Rfd8 {[%emt 0:00:29]} 27. Rad1 {[%emt 0:00:07]} Nc7 {[%emt 0:01:36]} 28. h5 {
[%emt 0:18:16]} Nd5 {[%emt 0:00:35]} 29. Rb3 {[%emt 0:00:06]} c5 $1 $36 {
[%emt 0:02:19][%csl Rd4][%cal Gd7d1] Wang Hao found himself in trouble on the
white side of a Catalan today as his d-pawn came under heavy pressure. His
Cuban opponent was able to win it with a timely c5 break and Black held an
indisputable advantage. The Chinese created counterplay down the b-file with a
creative rook lift, but it was not enough to equalize. What it was enough for
was to confuse his opponent in time pressure, and Dominguez agreed to a
threefold repetition in a position where he was clearly better.} 30. Bxd5 {
[%emt 0:06:36]} Rxd5 {[%emt 0:01:18]} 31. Rb6 {[%emt 0:00:29]} Qb8 {[%emt 0:13:
28]} 32. Qb3 {[%emt 0:00:43]} cxd4 {[%emt 0:02:11]} 33. Nf4 {[%emt 0:00:07]}
Rxe5 {[%emt 0:01:28]} 34. Rxb7 {[%emt 0:00:07]} Qd6 {[%emt 0:00:03]} 35. Rb6 {
[%emt 0:00:40]} Qc7 {[%emt 0:00:39]} 36. Rb7 {[%emt 0:00:10]} Qd6 {[%emt 0:00:
44]} 37. Rb6 {[%emt 0:00:15]} Qc7 {[%emt 0:05:29]} 1/2-1/2

[Event "Altensteig"]
[Site "Altensteig"]
[Date "1992.??.??"]
[Round "9"]
[White "Romanishin, Oleg M"]
[Black "Brunner, Lucas"]
[Result "1-0"]
[WhiteElo "2555"]
[BlackElo "2490"]
[Annotator "Dautov,R"]
[PlyCount "45"]
[EventDate "1992.07.??"]
[EventType "tourn"]
[EventRounds "11"]
[EventCountry "GER"]
[EventCategory "11"]
[SourceTitle "CBM 031"]
[Source "ChessBase"]
[SourceDate "1992.12.01"]
[SourceVersion "1"]
[SourceVersionDate "1992.12.01"]
[SourceQuality "1"]

1. d4 {Ftacnik} Nf6 2. Nf3 d5 3. c4 e6 4. g3 Be7 5. Bg2 O-O 6. O-O dxc4 7. Qc2
a6 8. a4 Bd7 9. Rd1 Bc6 10. Nc3 Bxf3 11. Bxf3 Nc6 12. Bxc6 bxc6 13. a5 Rb8 (
13... Qb8 14. Ra4 Qb3 (14... c5 15. Rxc4 cxd4 16. Rdxd4 $14) 15. Qxb3 cxb3 16.
Rc4 c5 17. dxc5 Rfd8 18. Rxd8+ Rxd8 19. Be3 Nd5 {1/2:1/2 Kajdanov,G-Tukmakov,V
Irkutsk 1986}) (13... Qb8 14. Qa4 Qb3 15. Qxc6 Bb4 16. Bd2 Rad8 17. Qxa6 (17.
e3 e5 $1 $132) 17... Ra8 (17... Rxd4 18. Qb7 $16) 18. Qb7 Bxa5 19. Qxb3 cxb3
20. Ne4 Nxe4 21. Bxa5 Ra7 22. Bb4 Rfa8 23. Rxa7 Rxa7 24. f3 $16 {Gorelov,
S-Kaplun,L USSR 1982}) (13... Qb8 14. Qa4 c5 $1 15. Qxc4 cxd4 16. Rxd4 c5 17.
Rd1 Qb4 18. Ra4 {1/2:1/2 Razuvaev,Y-Geller,E Moskva 1982}) 14. Qa4 Rb4 $6 {N} (
14... Bb4 15. Na2 (15. Qxc6 $6 Bxc3 16. bxc3 Qd5 $36) 15... Qd6 (15... Be7 16.
Nc3 Bb4 17. Qxc6 Bxc3 18. bxc3 Qd5 19. Qxc7 Ne4 20. Ra3 Nd6 21. Ra4 Rfc8 22.
Qe7 Ne4 23. Ra3 Rb7 24. Qh4 Rb3 25. Rxb3 cxb3 $17 {Kogan,B-Burger/Reykjavik/
1982/}) 16. Bf4 Qe7 17. Qxc6 (17. Bg5 Rb5 18. Bxf6 gxf6 19. Nc3 Bxc3 20. bxc3
Qd6 21. e4 f5 22. exf5 exf5 23. Qxc4 Re8 24. Qd3 f4 $132 {Kirov-Lengyel,L/Novi
Sad/1981/}) 17... Nd5 18. Bd2 Bxd2 19. Rxd2 Qg5 20. Rad1 Rb5 $13 {Rashkovsky,
N-Geller,E SSSR(ch) 1981} (20... Rb5 {Ftacnik} 21. e4 Nf4 22. Nc3 Rb4 23. Na2
Rb5 24. Qxc4 Qg4 25. Qxc7 Nh3+ 26. Kg2 Ng5 27. Qf4 Qxf4 28. gxf4 Nxe4 $10 {
Rashkovskij,N-Geller,E/URS-ch/1980/})) 15. Qxc6 Qd6 16. Qf3 Rfb8 (16... c5 $2
17. Bf4 $16) (16... Nd5 {Ftacnik} 17. e4 Nxc3 18. bxc3 $14) 17. e4 Qc6 $2 (
17... e5 $2 18. dxe5 Qxe5 19. Bf4 Qc5 20. e5 Ne8 21. Nd5 $16 (21. Nd5 {Ftacnik}
Rxb2 22. Be3 $18)) (17... Qd7 $142 18. Qe2 (18. d5 e5) 18... Qc8 $14 {/\Qb7})
18. d5 exd5 $2 (18... Qe8 $142 19. Bf4 R8b7 $140 20. dxe6 fxe6 21. e5 Nh5 (
21... Nd7 22. Qc6 $18) 22. Be3 g6 23. Qe4 $16) (18... Qe8 $142 {Ftacnik}) 19.
e5 Ne8 20. Nxd5 $18 Kf8 $8 (20... Bf8 {Ftacnik} 21. Nf6+ $18) 21. Qh5 R4b5 (
21... h6 {Ftacnik} 22. Nxb4 $18) 22. Qxh7 f6 23. Qg8+ 1-0

[Event "Linares Anibal op 07th"]
[Site "Linares"]
[Date "2000.??.??"]
[Round "6"]
[White "Delchev, Aleksander"]
[Black "Sargissian, Gabriel"]
[Result "1/2-1/2"]
[WhiteElo "2520"]
[BlackElo "2470"]
[Annotator "Delchev/Kostakiev"]
[PlyCount "83"]
[EventDate "2000.01.07"]
[EventType "swiss"]
[EventRounds "10"]
[EventCountry "ESP"]
[SourceTitle "EXT 2002"]
[Source "ChessBase"]
[SourceDate "2001.11.25"]
[SourceVersion "1"]
[SourceVersionDate "2001.11.25"]
[SourceQuality "1"]

1. d4 d5 2. c4 e6 3. Nf3 Nf6 4. g3 Be7 5. Bg2 O-O 6. O-O dxc4 7. Qc2 a6 (7...
b5 $2 8. a4 c6 9. axb5 cxb5 10. Ng5 $1 $18) (7... e5 $5) 8. Qxc4 b5 9. Qc2 Bb7
10. Bf4 (10. Bg5 $5) 10... Nc6 $5 (10... Nd5 11. Nc3 (11. Bd2 Nd7) 11... Nxf4
12. gxf4 $14) (10... Bd6 $5 {Smyslov} 11. Nbd2 Nbd7 12. a4 $14) 11. Rd1 (11.
Nc3 $5 {/\ 11..} Nxd4 12. Nxd4 Bxg2 13. Rfd1 $1 $36 {'+/-!'}) 11... Nb4 12. Qc1
(12. Qxc7 $2 Qxc7 13. Bxc7 Nc2) 12... Qc8 $6 (12... Rc8 $142 13. Nc3 Nbd5 14.
Be5 c5 15. dxc5 Bxc5 16. Bxf6 Qxf6 17. Ne4 Qe7 18. Nxc5 Rxc5 19. Qd2 Rfc8 $11 {
;14Nd5 Bd5 15Be3}) 13. Bg5 $1 (13. Bxc7 $2 Nfd5) 13... Nbd5 (13... c5 $142 14.
Bxf6 gxf6 {Smyslov} (14... Bxf6 15. a3 $16 (15. dxc5)) 15. Nc3 Rd8 16. a3 Nd5
17. Nxd5 Bxd5 18. dxc5 Qxc5 19. Qxc5 Bxc5 20. Ne1 Bxg2 21. Kxg2 $11 {;15a3!+/=}
) 14. Ne5 $5 $146 {'!' Olafson} (14. Nbd2 c5 $5 (14... h6 $2 {1-0 Hauchard,
A-Rozentalis,E/It, Belfort FRA 1998 (68)}) 15. e4 Nb4 16. e5 Nfd5 17. Bxe7 Nxe7
18. Qxc5 Qxc5 19. dxc5 Nd3 20. Nb3 Nxb2 21. Rd7 $16 {Smyslov}) 14... h6 15.
Bxf6 Bxf6 (15... Nxf6 16. Nc6 Bd6 17. Nd2 $14) 16. Nc6 (16. e4 Bxe5 17. dxe5
Nb6) 16... a5 $6 (16... Ne7 $142 {/\} 17. Na5 Bxg2 18. Kxg2 Rd8 19. Nb3 c5) 17.
e4 $1 $14 Nb4 18. e5 Bg5 $6 19. f4 Bd8 20. Nd2 $2 (20. a3 Nxc6 21. Bxc6 Bxc6
22. Qxc6 Qa6 23. Qxa6 Rxa6 24. Nc3 c6 25. Ne4 $14) (20. Qc5 $5) 20... Qd7 $15
21. Nxb4 Qxd4+ 22. Kh1 Bxg2+ 23. Kxg2 axb4 24. Qc2 (24. Nf3 Qe4) 24... Rxa2 $1
25. Nb3 (25. Rxa2 Qd5+ 26. Nf3 Qxa2 27. Rd7 c5) 25... Qc4 $1 26. Rac1 $5 $132 {
(ץd8,><c5,c6)} f6 (26... Qxc2+ 27. Rxc2 g5 28. Rd7 gxf4 29. gxf4 c6 30. Kf3
Bb6 31. Nc1 Ra7 32. Rd6 $13) 27. Rd7 (27. Rd4 $142) 27... fxe5 28. fxe5 Rxb2 $5
(28... Bg5 29. Rd4 (29. Qg6 Qe2+ 30. Kh3 Qxe5 31. Rcxc7 Bf6 32. Nc1 b3) 29...
Qxc2+ 30. Rxc2 Be3 31. Rxb4 c6) 29. Qxb2 Qe4+ 30. Kg1 Bg5 31. Qg2 Qe3+ 32. Kh1
Qxb3 33. Rf1 $132 {(עg8)} Rxf1+ (33... Rd8 34. Rxd8+ Bxd8 {(/\Qd5 _|_)}) 34.
Qxf1 Kh7 35. h4 Qc4 $5 (35... Be3 36. Qf6 Qb1+ 37. Kh2 Qg6) 36. Qf3 (36. Qxc4
$2 bxc4 37. Rxc7 (37. hxg5 b3 $19) 37... Bd2 38. Rxc4 b3) 36... Bc1 37. h5 $1
$11 b3 (37... Bb2 38. Rxg7+ Kxg7 39. Qf6+ $11) 38. Qf7 $6 $138 (38. Rxg7+ $11)
38... Qe4+ (38... Qg4 39. Kg2 b2 40. Rd8 Qe2+ 41. Kh3 Qxh5+ 42. Qxh5 b1=Q 43.
Qf7 $13) 39. Kh2 Qc2+ 40. Kh1 Qe4+ 41. Kh2 Qc2+ 42. Kh1 1/2-1/2

[Event "Bundesliga 9697"]
[Site "Germany"]
[Date "1997.??.??"]
[Round "?.4"]
[White "Meins, Gerlef"]
[Black "Donev, Ivo Hristov"]
[Result "1-0"]
[WhiteElo "2465"]
[BlackElo "2420"]
[Annotator "Donev,I"]
[PlyCount "105"]
[EventDate "1996.10.12"]
[EventType "team-tourn"]
[EventRounds "15"]
[EventCountry "GER"]
[SourceTitle "GER-chT"]
[Source "ChessBase"]
[SourceDate "1999.07.01"]
[SourceVersion "1"]
[SourceVersionDate "1999.07.01"]
[SourceQuality "1"]
[WhiteTeam "Werder Bremen"]
[BlackTeam "Eppingen"]
[WhiteTeamCountry "GER"]
[BlackTeamCountry "GER"]

1. d4 d5 2. c4 e6 3. Nf3 Nf6 4. g3 Be7 5. Bg2 O-O 6. O-O dxc4 7. Ne5 c5 8. dxc5
Bxc5 9. Nc3 Qe7 10. Bg5 Rd8 11. Qc1 Nbd7 12. Nxc4 h6 13. Be3 (13. Bxf6 Nxf6 14.
Rd1 Rxd1+ 15. Qxd1 Rb8 $14) 13... Rb8 14. Rd1 b6 15. Nb5 Ba6 $8 {Nach
30-minütiger Überlegung. Alles andere verliert.} (15... Bb7 16. Nxa7 Nd5 17.
Bf4 Nxf4 18. Qxf4 $18) (15... a6 16. Na7 $1 $18) 16. Nxa7 Bxe3 17. Nxe3 Ne5 $1
18. Rxd8+ Rxd8 19. Qc3 (19. Nc6 Nxc6 20. Qxc6 Qb4 $1 {Die Pointe! Bevor ich 15.
Ba6 zog, mußte ich bis hierher rechnen und diesen starken Zug finden.} 21. Qc2
Rd2 $11) (19. f4 Qxa7 20. fxe5 Nd7 $44) 19... Qxa7 20. Qxe5 Bxe2 21. Qc3 (21.
Nf5 Rd1+ 22. Rxd1 Bxd1 23. Nxh6+ Kh7 $1 $11 (23... gxh6 24. Qxf6 Qxa2 25. Qd8+
$18)) 21... b5 22. a3 Qd4 (22... Nd5 23. Qd2 Bc4 (23... Bh5 24. Rc1 $14) 24.
Nxc4 bxc4 25. Rc1 $16) (22... Ng4 23. Nxg4 Bxg4 24. Bf1 $14) 23. Qxd4 Rxd4 24.
b3 $1 $14 {Dank seiner entfernten Freibauern besitzt Weiß soliden
positionellen Vorteil.} Nd7 (24... Nd5 25. Nxd5 exd5 26. a4 bxa4 27. bxa4 Ba6
28. a5 Kf8 29. Bf1 $16) 25. Ra2 (25. a4 Nc5) 25... Bd1 26. Nxd1 Rxd1+ 27. Bf1 {
In diesem Augenblick hatte ich weniger als 3 Minuten auf der Uhr für die
restliche 14 Züge. Das hat natürlich die Qualität meines Spiels negativ
beeinflußt.} Nc5 $6 (27... Rb1 $1 28. b4 (28. a4 b4 $1 29. a5 Rxb3 30. a6 Ra3
$1 31. Rxa3 bxa3 32. Bc4 Kf8 $17) 28... Nb6 29. Kg2 Nc4 30. a4 Rxb4 31. axb5
Nb6 32. Ra6 Nd5 $11 {Angesichts des aktiven schwarzen Rb4 und des starken
zentralisierten Nd5 ist der weißen Vorteil minimal. Der entfernte b-Bauer ist
schwer über das Feld b6 zu bringen.}) 28. Kg2 Nxb3 29. Bxb5 Nd4 30. Bf1 $16 {
In dieser Stellung ist der Läufer besser als der Springer. Dazu kommt ein
starker weißer Turm, der den weißen entfernten Freibauern aktiv unterstüzt.
Alle diese Vorteile nutzen dem Anziehenden auf sehr lehrreiche Weise.} Kf8 31.
a4 Ke7 32. a5 Nc6 33. a6 Na7 34. h4 h5 35. Be2 Rd5 36. Bf3 Rb5 37. Be2 Rd5 38.
Rb2 g6 39. Kf3 Rd7 40. Ke4 Rc7 41. Rb7 Rd7 42. Ke5 Nc6+ 43. Kf4 Na7 44. Kg5
Rxb7 45. axb7 Nc6 46. Bb5 Nb8 47. f4 Kd6 48. Kf6 Kc5 49. Bf1 Kd4 50. Kxf7 Ke3
51. Kxe6 Kf2 52. Bb5 Kxg3 53. Kd6 {Eine mustergültige Partie zum Thema
"Entfernte Freibauern"!} 1-0